Současný stav a rozvoj révového školkařství v Jihomoravskom kraji

Bibliographic Details
Main Author: Havlíček, Václav (Author)
Format: Article
Language:Czech
PhysicalDescription:Obr. 1.
Subjects:

MARC

LEADER 00000nab a2200000 a 4500
001 vtls000024834
003 SK-MaSNL
005 20260303210201.0
008 160211c1979 xo 0 cze
015 |a SNBRB19rr/mm-uuuuu 
035 |a CL0034928 
040 |a SNKBUCL  |b slo  |c SNKBUCL  |e AACR2 
041 0 |a cze 
044 |a xo  |c SK 
080 |a 634.8  |2 1981 
080 |a 631.5  |2 1981 
100 1 |a Havlíček, Václav  |4 aut  |9 457659 
245 1 0 |a Současný stav a rozvoj révového školkařství v Jihomoravskom kraji  |c Václav Havlíček 
300 |b Obr. 1. 
650 0 7 |a vinohradnícke škôlky  |2 snkbucl  |9 166251 
650 0 7 |a vinič hroznorodý  |2 snkbucl  |9 15944 
651 7 |a 3700  |2 snkbucl  |9 921026 
651 7 |a Jihomoravský kraj (Česko)  |2 snkbucl  |9 200564 
655 7 |a články z novín a časopisov  |2 snkbucl  |9 267496 
773 0 |t Vinohrad  |g Roč. 17, č. 2 (1979), s. 30-31 
850 |a Slovenská národná knižnica v Martine  |a MTA001 
852 |a SNK  |b KIS3GCP 
958 |a RK 
958 |a CZ 
992 |a RBX 
999 |c 2199147  |d 2201077